| 000 | 01036cam a2200325 a 4500 | ||
|---|---|---|---|
| 001 | 12753152 | ||
| 003 | OSt | ||
| 005 | 20160330171754.0 | ||
| 008 | 020312s2001 ug b 001 0 eng | ||
| 010 | _a 2001313043 | ||
| 020 | _a9970022415 | ||
| 035 | _a(DLC) 2001313043 | ||
| 040 |
_aDLC _cDLC _dDLC |
||
| 042 | _alcode | ||
| 043 | _afe----- | ||
| 050 | 0 | 0 |
_aLA1556 _b.S67 2001 |
| 082 | 0 | 0 |
_a370.676 _221 _bSSE 2001 |
| 100 | 1 |
_aSsekamwa, J. C. _97476 |
|
| 245 | 1 | 2 |
_aA history of education in East Africa / _cJ.C. Ssekamwa, S.M.E. Lugumba. |
| 250 | _a2nd ed. | ||
| 260 |
_aKampala : _bFountain Publishers, _c2001. |
||
| 300 |
_avi, 186 p. ; _c21 cm. |
||
| 440 | 0 |
_aFountain series in education studies _97477 |
|
| 504 | _aIncludes bibliographical references (p. [179]-180) and index. | ||
| 650 | 0 |
_aEducation _zAfrica, East _xHistory. _97478 |
|
| 700 | 1 |
_aLugumba, S. M. E. _97479 |
|
| 906 |
_a7 _bcbc _corigode _d3 _encip _f20 _gy-gencatlg |
||
| 942 |
_2ddc _cSLOAN |
||
| 999 |
_c3340 _d3340 |
||